1211 1690 1637 1162 1646 1030 1871 1330 1107 1890 1193 1435 1361 1557 1091 1989 1167 1244 1815 1146 1213 1000 1145 1700 1331 1663 1726 1458 1664 1360 1704 1057 1026 1676 1709 1301 1999 1004 1632 1396 1295 1487 1157 1108 1960 1575 1818 1536 1936 1685 1033 1565 1288 1176 1274 1884 1631 1590 1316 1608 1167 1940 1817 1829 1687 1395 1500 1753 1530 1709 1501 1373 1963 1920 1662 1555 1712 1814 1970 1279 1155 1377 1635 1443 1058 1970 1744 1692 1306 1986 1139 1797 1034 1378 1252 1661 1332 1062 1168 BCNSPRNW ULIB Ver.6.0+V

เปลี่ยนเป็นภาษาไทย

Change to English
 แสดงรายละเอียดบรรณานุกรม
  กลับหน้าหลัก

Brief Record : Get Marc (ISO 2709) : E-mail record : QR code < ปิดหน้าต่าง
LEADER : 00000nam 2200000uu 4500
001    13399114688
003     ULIB
008    120502s2543||||th 000 0 tha d
060 04 ^aQV736^bป361ร 2543
245 00 ^aรู้อยู่รู้รักษา /^cโครงการสมุนไพรเพื่อการพึ่งตนเอง
250    ^aพิมพ์ครั้งที่ 1
260    ^aกรุงเทพฯ :^bโครงการสมุนไพรเพื่อการพึ่งตนเอง,^c2543
300    ^a117 หน้า :^bภาพประกอบ ;^c21 ซม.
500    ^aSend to Single Search
650  4 ^aการรักษาด้วยธรรมชาติ
650  4 ^aอาหาร, การรักษาด้วยการกำหนด
710 2  ^aโครงการสมุนไพรเพื่อการพึ่งตนเอง
945    ^p135^l0^i9740
945    ^p135^l0^i9739
995    กัณชพร
999 ^a ใช้งานได้ทุกระบบ
รายการนี้ยังไม่มีแท็ก
คุณยังไม่ได้ล็อกอิน คุณสามารถมีกิจกรรมร่วมกับเว็บไซต์ได้ แต่ต้องล็อกอินก่อน ::
  ล็อกอิน

รายการสื่อสารสนเทศ

ลำดับที่ ประเภท เลขเรียก/บาร์โค้ด สถานที่ สถานะ
1. วิทยาศาสตร์การแพทย์ และสุขภาพ
วิทยาศาสตร์การแพทย์ และสุขภาพ
QV736 ป361ร 2543 ฉ.2 
  Barcode: 9739
ห้องสมุดวิทยาเขตสวรรค์ประชารักษ์
►หนังสือทั่วไป
บนชั้น

รายการใกล้เคียง
    หัวเรื่อง [การรักษาด้วยธรรมชาติ]
    หัวเรื่อง [อาหาร, การรักษาด้วยการกำหนด]

BibComment


ยังไม่เคยถูกคอมเมนท์

คอมเมนท์ทรัพยากรรายการนี้
  คอมเมนท์: รู้อยู่รู้รักษา ..


 Copyright 2026. Bcnsprnw @Library